[Event "SV Schott Jena-SV 1932 Homburg-Erbach"]
[Site "?"]
[Date "2010.12.30"]
[Round "7.3"]
[White "Friedel, Laura"]
[Black "Glöckner, Helene"]
[Result "0-1"]
[WhiteElo "747"]
[BlackElo "1106"]
[PlyCount "82"]
[EventDate "2010.??.??"]
[WhiteTeam "SV 1932 Homburg-Erbach"]
[BlackTeam "SV Schott Jena"]

1. e4 g6 2. d4 Bg7 3. Nf3 c5 4. Nc3 cxd4 5. Nxd4 Qb6 6. Be3 Qxb2 7. Rb1 Qxc3+
8. Bd2 Qxd4 9. Bd3 Nf6 10. Rb4 Qd6 11. O-O Nc6 12. Rc4 b5 13. Rc3 a6 14. Qc1
O-O 15. Bf4 e5 16. Be3 Bb7 17. Bc5 Qe6 18. Qe3 Rfc8 19. Rb3 Na5 20. Rb4 d5 21.
f3 d4 22. Qe2 Rxc5 23. a3 Nc4 24. a4 Bc6 25. Ra1 Rc8 26. a5 Bd7 27. h3 Bf8 28.
Rbb1 Ne3 29. Rc1 Bh6 30. Re1 Nxc2 31. Rac1 Nxe1 32. Rxe1 Rc1 33. Qf2 Be3 34.
Rf1 Bxf2+ 35. Kxf2 Rxf1+ 36. Kxf1 h5 37. Be2 h4 38. Kf2 Qa2 39. Kf1 Rc1+ 40.
Kf2 d3 41. Ke3 Qxe2# 0-1

[Event "SV Schott Jena-SV 1932 Homburg-Erbach"]
[Site "?"]
[Date "2010.12.30"]
[Round "7.4"]
[White "Dietzel, Maren"]
[Black "Haas, Vanessa"]
[Result "1-0"]
[WhiteElo "893"]
[BlackElo "812"]
[PlyCount "139"]
[EventDate "2010.??.??"]
[WhiteTeam "SV Schott Jena"]
[BlackTeam "SV 1932 Homburg-Erbach"]

1. d4 d5 2. Nf3 Nc6 3. e3 a6 4. Bd3 e6 5. Nbd2 Bd6 6. O-O Nf6 7. Re1 O-O 8. c3
h6 9. e4 Nh5 10. e5 Be7 11. b3 Bd7 12. Bb2 Na7 13. Qc2 Bb5 14. c4 Bc6 15. Qc3
Bg5 16. Bc2 f6 17. Ba3 Rf7 18. Bg6 Rd7 19. Bxh5 f5 20. Qd3 Rb8 21. Bc1 Qe7 22.
Nxg5 Qxg5 23. Bd1 Nc8 24. Nf3 Qg6 25. a4 Ne7 26. Nh4 Qh7 27. Bb2 Rdd8 28. Qg3
Be8 29. Ba3 Ng6 30. Nxg6 Bxg6 31. Qh3 Re8 32. Bh5 Red8 33. Bxg6 Qxg6 34. cxd5
Rxd5 35. Red1 Rbd8 36. Bb2 c5 37. Qd3 Qg4 38. Qf3 Qh4 39. g3 Qh3 40. dxc5 Rxd1+
41. Rxd1 Rxd1+ 42. Qxd1 g5 43. f4 gxf4 44. gxf4 h5 45. Qd8+ Kf7 46. Qc7+ Ke8
47. Qxb7 a5 48. c6 Qg4+ 49. Kh1 Qf3+ 50. Kg1 Qg4+ 51. Kf1 Qh3+ 52. Ke1 Qe3+ 53.
Kd1 Qf3+ 54. Kc2 Qf2+ 55. Kb1 Qg1+ 56. Bc1 Qg2 57. Qd7+ Kf8 58. c7 Qe4+ 59. Ka1
Qb7 60. c8=Q+ Qxc8 61. Qxc8+ Ke7 62. Qc5+ Kd7 63. Qd6+ Kc8 64. Qxe6+ Kc7 65.
Qd6+ Kc8 66. e6 h4 67. e7 Kb7 68. e8=Q Ka7 69. Qee7+ Ka8 70. Qdd8# 1-0

[Event "SC Uttenreuth-SK Langen"]
[Site "?"]
[Date "2010.12.30"]
[Round "7.2"]
[White "Michalowski, Melina"]
[Black "Flach, Helene"]
[Result "1-0"]
[WhiteElo "1109"]
[BlackElo "760"]
[PlyCount "69"]
[EventDate "2010.??.??"]
[WhiteTeam "SC Uttenreuth"]
[BlackTeam "SK Langen"]

1. d4 d5 2. c4 e6 3. Nc3 c5 4. cxd5 exd5 5. dxc5 Nf6 6. Bg5 Be7 7. Bxf6 Bxf6 8.
Nxd5 Bxb2 9. Rb1 Ba3 10. Qa4+ Nc6 11. Rd1 Bxc5 12. Qe4+ Ne7 13. Nf6+ gxf6 14.
Rxd8+ Kxd8 15. Nf3 Bf5 16. Qc4 Rc8 17. Qa4 a6 18. e3 Nd5 19. Qa5+ Bb6 20. Qxd5+
Bd7 21. Be2 Rc5 22. Qd3 Re8 23. O-O Re7 24. Rd1 Rc7 25. Qxh7 Rc6 26. Ne1 Kc7
27. Qd3 Kb8 28. Qb1 Bc7 29. Bf3 Rb6 30. Qc2 Rc6 31. Bxc6 Bxc6 32. Qb3 Rd7 33.
Rxd7 Bxd7 34. Qxf7 Kc8 35. Qxf6 1-0

[Event "SC Uttenreuth-SK Langen"]
[Site "?"]
[Date "2010.12.30"]
[Round "7.3"]
[White "Kolchugina, Lada"]
[Black "Michalowski, Sophia"]
[Result "0-1"]
[WhiteElo "749"]
[BlackElo "997"]
[PlyCount "112"]
[EventDate "2010.??.??"]
[WhiteTeam "SK Langen"]
[BlackTeam "SC Uttenreuth"]

1. e4 d5 2. d3 e5 3. d4 dxe4 4. dxe5 Qxd1+ 5. Kxd1 Bg4+ 6. f3 exf3 7. gxf3 Bf5
8. Nc3 Nc6 9. Bf4 O-O-O+ 10. Kc1 Nd4 11. Bd3 Bxd3 12. cxd3 Ne6 13. Be3 Rxd3 14.
Bd2 Bc5 15. Kd1 Be3 16. Ne4 Ne7 17. Rc1 Rhd8 18. Rc2 Nd4 19. Rc3 Rxc3 20. Bxc3
Nxf3+ 21. Ke2 Nxg1+ 22. Kxe3 Nd5+ 23. Kd2 Nf4+ 24. Kc2 Nge2 25. Rd1 Rxd1 26.
Kxd1 Nxc3+ 27. bxc3 Nd3 28. Ng5 Nxe5 29. Nxh7 f6 30. h4 Kd8 31. h5 Ng4 32. Nf8
Ke7 33. Ng6+ Kd6 34. Nf4 a5 35. Kc2 b5 36. Kb3 c5 37. a4 bxa4+ 38. Kxa4 Ke5 39.
Nd3+ Kf5 40. Nxc5 Kg5 41. c4 Kxh5 42. Nd3 g5 43. c5 Ne3 44. c6 Nd5 45. Nf2 f5
46. Kxa5 g4 47. Kb5 g3 48. Nh3 Kg4 49. Ng1 g2 50. Kc5 Nc7 51. Kd6 Na6 52. c7
Nxc7 53. Kxc7 f4 54. Kd6 f3 55. Nxf3 Kxf3 56. Ke5 g1=Q 0-1